Statystyki dla Najlepsze drinki świata

Kliknij tutaj aby rozwiązać quiz!

Ogólne statystyki

  • Ten quiz został rozwiązany 64 razy
  • Średni wynik to 4 z 10

Statystyki odpowiedzi

#SkładOdpowiedź% Poprawnych
1.biały rum, cukier trzcinowy, sok z limonki, woda sodowa i miętaMojito
64%
4.rum, mleczko kokosowe, sok z ananasaPiña Colada
61%
7.tequilla, sok pomarańczowy, grenadynaTequilla Sunrise
51%
6.wódka, gęsty sok pomidorowy, sos Worcester, sos Tabasco, bulion, chrzan, seler, oliwa, sól, pieprz, sok z cytrynyKrwawa Mary
37%
2.gin, wermut, oliwka lub twist skórki z cytrynyMartini
37%
8.wódka, Triple Sec, sok żurawinowy, świeżo wyciśnięty sok z limonkiCosmopolitan
29%
9.cola, limonka, biały rumKuba Libre
29%
10whisky lub burbon, słodki wermut, gorzka wódka, kandyzowana wisienka wraz z ogonkiemManhattan
20%
5.tequilla, likier z gorzkich pomarańczy, soku z limonki lub cytrynyMargarita
19%
3.cachaça, likier ze sfermentowanej trzciny cukrowej, limonkaCaipirinha
15%

Rozkład punktacji

Percentyl według liczby udzielonych odpowiedzi

Procent ludzi z każdym wynikiem

Twoja historia wyników

Nie rozwiązałeś tego quizu